Learning about punctuation
Αποθηκεύτηκε σε:
| Άλλοι συγγραφείς: | , |
|---|---|
| Μορφή: | Βιβλίο |
| Γλώσσα: | English |
| Δημοσίευση: |
Clevedon ; : Philadelphia :
Multilingual Matters,
c1996
|
| Σειρά: | Language and education library ;
; 9 |
| Θέματα: | |
| Ετικέτες: |
Προσθήκη ετικέτας
Δεν υπάρχουν, Καταχωρήστε ετικέτα πρώτοι!
|
MARC
| LEADER | 00000nam a2200000 i 4500 | ||
|---|---|---|---|
| 001 | 1/16583 | ||
| 008 | 010201s1996 eng d | ||
| 020 | |a 1-85359-321-4 | ||
| 035 | |l 10065825 | ||
| 040 | |a GR-MY-UA |b gre |e aacr | ||
| 041 | 0 | |a eng | |
| 082 | 0 | |a 428.007 | |
| 245 | 1 | 0 | |a Learning about punctuation / |c edited by Nigel Hall and Anne Robinson |
| 260 | |a Clevedon ; : |a Philadelphia : |b Multilingual Matters, |c c1996 | ||
| 300 | |a 174 p.; |c 20 cm | ||
| 490 | 1 | |a Language and education library |v ; 9 | |
| 504 | |a Includes bibliographical references and index | ||
| 650 | 0 | 0 | |a English language |x Punctuation |x Study and teaching. |
| 700 | 1 | |a Hall, Nigel |d 1947- |4 edt | |
| 700 | 1 | |a Robinson, Anne. |4 edt | |
| 830 | 0 | |a Language and education library ; |v ; 9 | |
| 852 | |a INST |b RHODES |e 20010201 |h 428.007 LEA |p 005400017358 |q 005400017358 |t BK |y 0 | ||
| 901 | |a BIBL4-2001-1 | ||
| 909 | |a Ρ |b 084096 | ||
| 922 | |a 4ΕΛΗ |b 200011 |c ΚΠΣ/Ν | ||
| 950 | |a 096-2000-09-18 | ||
| 970 | |a ΧΟΡΟΖΙΔΟΥ |b ΤΖΕΝΗ |z 2001/02/01 | ||